| 000 | 00948nam a2200337 a 4500 | ||
|---|---|---|---|
| 001 | 000045576 | ||
| 003 | DO-SdBNP | ||
| 005 | 20171103095235.0 | ||
| 007 | 000045576 | ||
| 008 | 150415s2004 dr a 000 0 spa d | ||
| 020 | _a9993479195 | ||
| 040 |
_aBPMSU _bspa _cBPMSU |
||
| 082 | 4 |
_aRD863.5 _bP573n |
|
| 092 | _e | ||
| 100 | 1 | _aPhipps, Miguel | |
| 245 | 1 | 0 |
_aNacimiento divino / _cMiguel Phipps ; ilustración Ohanda Coste. |
| 260 |
_aSanto Domingo : _bBúho, _c2004. |
||
| 300 |
_a20 cm. : _bil ; _c28 cm. |
||
| 490 | 1 |
_aInfantil Phipps _v5 |
|
| 650 | _aCUENTOS INFANTILES DOMINICANOS | ||
| 650 | _aLITERATURA INFANTIL DOMINICANA | ||
| 700 | 1 | 2 |
_aCoste, Ohanda, _eil. |
| 830 | 0 |
_aInfantil Phipps ; _n5 |
|
| 930 | 1 |
_l _m _8 _f _p _g |
|
| 930 | 1 |
_l _m _8 _f _p _g _h |
|
| 942 |
_2ddc _cBK |
||
| 945 | _aInventariado infantil /2017 VM | ||
| 956 |
_a _b _c _l _h |
||
| 956 |
_aVMATEO _b10 _c20170223 _lBPMSU _h1512 |
||
| 956 | _b | ||
| 999 |
_c7844 _d7844 |
||